000 01049nam a2200253 i 4500
001 97458
003 ES-MaACL
005 20250728110713.0
007 t|
008 050712s1950 sp ||||1| spa d
100 1 _aMarcos, Venancio.
_976516
245 1 0 _aConversaciones con un escéptico /
_cVenancio Marcos.
260 _aMadrid :
_b[s.n.],
_c1950 (
_fArtes Gráficas Sol)
300 _a238 p. ;
_c20 cm.
490 1 _aCuadernos de orientación religiosa. Artículos de Prensa ;
_v3
510 _aCCPB,
_c000889246-6.
650 7 _aReligión
_2embne
_916797
830 0 _aCuadernos de orientación religiosa. Artículos de Prensa ;
_v3
_9232285
852 _aES-MaACL
_jD-6277
_bR.30072
_bR.M.5872
_9101063
_cSVI
_fSello en tinta azul de la Biblioteca del Ateneo de Madrid.
_hSello en tinta: "Donativo".
_qEncuadernación con roturas.
942 _2udc
_cMONOGRAFIA
999 _c97458
_d97458